| 000 | 00576nam a2200229Ia 4500 | ||
|---|---|---|---|
| 008 | 160803s9999 xx 000 0 und d | ||
| 020 | _a0 698114388 | ||
| 100 | _aGa'g, Wanda | ||
| 245 | _aABC bunny (The) / | ||
| 245 | _cby Wanda Gág ; hand lettered by Howard Gág. | ||
| 260 | _aNew York : | ||
| 260 | _bScholastic Inc. | ||
| 260 | _c1961 | ||
| 300 | _a32 pages : | ||
| 300 | _billustrations ; | ||
| 300 | _c31 cm | ||
| 650 | _aAlphabet rhymes. | ||
| 650 | _aRabbits -- | ||
| 650 | _aStories in rhyme. | ||
| 650 | _xJuvenile fiction. | ||
| 700 | _a220 | ||
| 999 |
_c299405 _d299405 |
||